30 biggest cities in Louisiana - Statistics

General Stats
  • This quiz has been taken 38 times
  • The average score is 14 of 30
Answer Stats
Population City % Correct
227,470 Baton Rouge
100%
383,997 New Orleans
97%
187,593 Shreveport
97%
121,374 Lafayette
90%
84,872 Lake Charles
83%
46,180 Alexandria
77%
47,702 Monroe
77%
62,701 Bossier City
73%
33,406 Houma
70%
66,448 Kenner
70%
28,781 Slidell
63%
28,555 New Iberia
57%
19,584 Hammond
53%
18,039 Natchitoches
53%
22,166 Ruston
53%
19,316 Zachary
50%
29,565 Central
43%
17,184 Gretna
43%
21,809 Sulphur
37%
15,786 Opelousas
33%
15,948 Thibodaux
27%
13,417 Broussard
17%
13,192 Mandeville
17%
15,929 Youngsville
17%
13,103 West Monroe
13%
11,710 Crowley
7%
12,231 Gonzales
7%
11,928 MInden
7%
14,384 Pineville
7%
12,455 Baker
3%
No matching quizzes found
Score Distribution
Percent of People with Each Score
Percentile by Number Answered
Your Score History
You have not taken this quiz